书目信息 |
| 题名: |
新时代高校辅导员队伍的专业化发展及其建设
|
|
| 作者: | 金琰 著 | |
| 分册: | ||
| 出版信息: | 北京 冶金工业出版社 2024.08 |
|
| 页数: | 173页 | |
| 开本: | 24cm | |
| 丛书名: | ||
| 单 册: | ||
| 中图分类: | G645.12 , G645.1 | |
| 科图分类: | ||
| 主题词: | 高等学校--辅导员--师资队伍建设--研究--中国 | |
| 电子资源: | ||
| ISBN: | 978-7-5024-9900-6 | |
| 000 | 01325nam0 2200289 450 | |
| 001 | 2540643748 | |
| 005 | 20250509114502.96 | |
| 010 | @a978-7-5024-9900-6@dCNY69.00 | |
| 090 | @aG645@bjy | |
| 096 | @aG645@bqj | |
| 100 | @a20241022d2024 em y0chiy50 ea | |
| 101 | 0 | @achi |
| 102 | @aCN@b110000 | |
| 105 | @ay z 000yy | |
| 200 | 1 | @a新时代高校辅导员队伍的专业化发展及其建设@d=The professional development and construction of college counselors in the new era@f金琰著@9xin shi dai gao xiao fu dao yuan dui wu de zhuan ye hua fa zhan ji qi jian she |
| 210 | @a北京@c冶金工业出版社@d2024.08 | |
| 215 | @a173页@d24cm | |
| 330 | @a本书共七章,内容包括高校辅导员概述、新时期高校辅导员工作的挑战与创新、新时期高校辅导员队伍的专业化发展、当前高校辅导员队伍建设的现状、新时期高校辅导员队伍建设的能力提升探究、新时期高校辅导员队伍建设的科学管理、高校辅导员队伍建设的未来发展趋势。 | |
| 503 | @n河南城建学院图书馆 | |
| 510 | 1 | @aProfessional development and construction of college counselors in the new era@zeng |
| 510 | 1 | @aThe professional development and construction of college counselors in the new era |
| 606 | 0 | @a高等学校@x辅导员@x师资队伍建设@x研究@y中国 |
| 690 | @aG645.12@v5 | |
| 690 | @aG645.1@v4 | |
| 701 | 0 | @a金琰@4著@9jin yan |
| 801 | 0 | @aCN@bMuseLib.NET@c20241022 |
| 905 | @aZUCC@dG645.1@eJ825 | |
| 新时代高校辅导员队伍的专业化发展及其建设=The professional development and construction of college counselors in the new era/金琰著.-北京:冶金工业出版社,2024.08 |
| 173页;24cm |
| ISBN 978-7-5024-9900-6:CNY69.00 |
| 本书共七章,内容包括高校辅导员概述、新时期高校辅导员工作的挑战与创新、新时期高校辅导员队伍的专业化发展、当前高校辅导员队伍建设的现状、新时期高校辅导员队伍建设的能力提升探究、新时期高校辅导员队伍建设的科学管理、高校辅导员队伍建设的未来发展趋势。 |
| ● |
| 相关链接 |
|
|
|
正题名:新时代高校辅导员队伍的专业化发展及其建设
索取号:G645.1/J825
 
预约/预借
| 序号 | 登录号 | 条形码 | 馆藏地/架位号 | 状态 | 备注 |
| 1 | 1555023 | 215550231 | 计算机与数据科学学院资料室/ [索取号:G645.1/J825] | 在馆 |